Rosco de Pasapalabra #69 - Estadísticas

Estadísticas generales
  • Esta prueba ha sido intentada 270 veces
  • La puntuación promedio es 14 de 25
Estadísticas de respuestas
Inicial Definición Respuesta % Correcto
B Juego de azar en el que el jugador marca en un cartón los números que van saliendo en el sorteo Bingo
99%
F Unirse la célula reproductora masculina a la femenina para dar origen a un nuevo ser Fecundar
86%
E Espacio exterior de las tiendas, cerrado con cristales, donde se exponen las mercancías Escaparate
83%
A Anglicismo para denominar la loción que se usa después del afeitado de la barba Aftershave
80%
S Líquido algo viscoso que mantiene húmeda la boca y reblandece los alimentos para facilitar su digestión Saliva
80%
P Apto para ser bebido Potable
78%
U Juntar cosas de modo que queden pegadas o sujetas unas con otras Unir
78%
C Boca de un volcán Cráter
76%
G Masa de hielo acumulada en las montañas, cuya parte inferior se desliza por los valles como un río de hielo Glaciar
75%
M Cada uno de los círculos máximos de la esfera terrestre que pasan por los dos polos Meridiano
68%
Contiene la Q Patín muy largo, de madera o de otro material ligero y elástico, que se usa para deslizarse sobre la nieve o el agua Esquí
65%
H Que tiene forma de hélice Helicoidal
62%
O Composición poética de tono solemne, en alabanza de algo o alguien Oda
57%
R Función o papel que desempeña alguien en un lugar o en cierta situación Rol
56%
J Isla de Indonesia en la que se encuentra la ciudad de Yakarta Java
55%
D Obra literaria escrita para ser representada Drama
54%
Contiene la Ñ Mechón de pelo enredado y desarreglado Greña
54%
V Apellido del portero que logró su quinto Trofeo Zamora en 2012 jugando con el Fútbol Club Barcelona Valdés
51%
Z Primera persona del plural del presente de indicativo del verbo zurcir Zurcimos
48%
Contiene la X Prueba hecha ante una persona o un tribunal competente, para demostrar la suficiencia en una materia o para un cargo Examen
39%
L Pantalones de tejido fino y elástico que se ajustan al cuerpo Legging
33%
Contiene la Y Despreciable, vil en extremo Abyecto
6%
N Entre los árabes, profeta Nabí
4%
I Título del álbum publicado por el grupo The Whispers en 1980, en el que se incluye el tema "Its a Love Thing" Imagination
1%
T Astrágalo, cordón que rodea el fuste de una columna Tondino
1%
No se encontraron pruebas coincidentes
Distribución de puntuación
Porcentaje de gente con cada puntuación
Porcentaje por número respondido
Historial de tus puntuaciones
No has intentado esta prueba.